• 首页
  • 本馆介绍
  • 公告通知
  • 最新文献
  • 馆藏检索
  • 电子资源
  • 读者导购
  • 参考咨询
  • 我的图书馆
  • 登录
  • 详细信息显示
  • 放入我的书架
  • 预约/预借图书
  • 作者相关作品
  • 分类相关作品
  • 丛书相关作品
  • 出版社相关作品

书目信息

  • 表格格式
  • 工作单格式
  • 卡片格式
题名:
中国影坛新人录
    
 
作者: ;中国电影家协会 编
分册:  
出版信息: 北京   中国电影出版社  1984.8
页数: 355页
开本: 20cm
丛书名:
单 册:
中图分类: J912
科图分类:
主题词: 电影--技术 , 电视--艺术--技术
电子资源:
ISBN:
000 00575nam0 2200205 45
001 0312221749
005 20040509155623.8
010    @dCNY1.40
100    @a20031222d1984 km y0chiy0120 ea
101    @achi
105    @a z 000yy
200 1  @a中国影坛新人录@AZhong Guo Ying Tan Xin Ren Lu@f中国电影家协会编@FZhongGuo Dian Ying Jia Xie Hui Bian
210    @a北京@c中国电影出版社@d1984.8
215    @a355页@d20cm
606 0  @a电影@x技术
606 0  @a电视@x艺术@x技术
690    @aJ912@v3
711 02 @a中国电影家协会@4编
801    @aCN@bTSTCL@c20031222
905    @dJ912@e27
    
    中国影坛新人录/中国电影家协会编.-北京:中国电影出版社,1984.8
    355页;20cm
    
    
    ISBN :CNY1.40
    
●
相关链接 在E读中查询图书 在五车中查询图书 在当当中查询图书 在豆瓣中查询图书


正题名:中国影坛新人录     索取号:J912/27         预约/预借

序号 登录号 条形码 馆藏地/架位号 状态 备注
1 0139797   001218275   第一借阅区/ [索取号:J912/27] 在馆    
2 0139798   001218284   第一借阅区/ [索取号:J912/27] 在馆    
3 0139799   001218211   第一样本阅览室/ [索取号:J912/27] 在馆    
4 0257841   001218220   第一借阅区/ [索取号:J912/27] 在馆    
5 0257842   001218248   第一借阅区/ [索取号:J912/27] 在馆    
6 0257843   001218239   第一借阅区/ [索取号:J912/27] 在馆    
唐山师范学院图书馆 欢迎您!
大连网信软件有限公司© 版权所有